| 000 | 01596nam a2200325 i 4500 | ||
|---|---|---|---|
| 003 | EG-GICUC | ||
| 005 | 20260428151933.0 | ||
| 008 | 260428s2009 ua |||fr|||| 00| 0 Ara d | ||
| 040 |
_a EG-GICUC _bara _c EG-GICUC _d EG-GICUC _erda |
||
| 041 | 0 | _aAra | |
| 082 | 0 | 4 |
_221 _a343.471 _bم ح . م |
| 092 | 0 | 4 | _221 |
| 099 | _aLaw1 10 343.471 م ح . م 2009 | ||
| 100 | 0 |
_aمحمود إبراهيم سلامة _eمؤلف. |
|
| 245 | 1 | 0 |
_aموسوعة جرائم المبانى طبقا لأحكام لقانون البناء 119لسنة 2008 ولائحة التنفيذية 144 لسنة 2009. _nالمجلد الثالث، _pالتجريم والعقاب، _pأسباب البراءة ودفوعها وطلبات الدفاع الهامة / _cتأليف دكتور محمود إبراهيم سلامة. |
| 250 | _aالطبعة الأولى | ||
| 264 | 1 |
_aالقاهرة : _bدار القانون للإصدارات القانونية، _bمركز بهجت للإصدارات القانونية، _c2009. |
|
| 300 |
_a400 ؛صفحة _c24 سم. _bإيضاحيات، صور، مثيليات ؛ |
||
| 336 |
_2rda content _atext |
||
| 337 |
_2rda media _aComputer |
||
| 338 |
_2rda carrier _aOnline Resource |
||
| 504 | _a. 240-220 ببليوجرافيا: صفحات. | ||
| 546 | _aالنص باللغة العربية | ||
| 650 | 1 |
_aالتشريعات الخاصة بالمبانى والإسكان _2qrmak |
|
| 650 | 1 |
_aالقانون الجنائى _2qrmak |
|
| 651 | 1 | _2qrmak | |
| 856 | 4 | 0 | _uhttps://fll.law.cu.edu.eg/fulltext/bks/B10-10704.pdf |
| 905 | _a54 | ||
| 942 |
_2ddc _cBK _e21 _n0 |
||
| 999 |
_c73929 _d73929 |
||